000
00289nam a22001337a 4500
008
170612b xxu||||| |||| 00| 0 eng d
020
_a
0819126535
041
_a
eng
080
_a
32
100
_a
19
101
_a
SHP
245
_a
THE SCIENCE OF POLITICS
_c
COOGAN,W.H
942
_2
udc
_c
BK
999
_c
16932
_d
16932